000 00500cam a2200181ua 4500
003 OSt
008 250610b |||||||| |||| 00| 0 eng d
020 _a0 07 099024 7
041 _aeng
082 _a624.17
_bNAS/SC
100 _aNash, William A .
_97539
245 _aSchaum`s outline of theory and problems of strength of materials /
250 _a2 /
260 _aNew York :
_bMcGraw Hill Book Company ,
_c1977.
300 _a394 ; .
700 1 _aSturgess, C E N .
_97552
942 _cBK
999 _c9237
_d9237